000 00880nmm a2200289 a 4500
003 AR-BaBNM
005 20251128210134.0
008 189019s[ca. ||||||||||||||000 | spa||
040 _cAR-BaBNM
110 2 _aOlympic Solidarity
245 1 0 _aEquipment for playing areas and school sport facilities
260 _aLausanne
_bOlympic Solidarity
_c[ca. 1987]
300 0 _a63 p.
_bil.
504 _aContiene bibliografía p. 60-63
650 4 _aINSTALACIONES DEPORTIVAS
650 4 _aACTIVIDADES DEPORTIVAS
650 4 _aJUEGOS INFANTILES
650 4 _aPLANIFICACION DE LAS INSTALACIONES
650 4 _aESCUELAS
650 4 _aEDUCACION FISICA
653 0 _aJARDINES DE INFANTES
653 0 _aJARDINES MATERNALES
653 0 _aEQUIPAMIENTO EDUCATIVO
710 2 _aInternational Association for Sports and Recreational Facilities
942 _cBK
998 _cRaquel
999 _c14213
_d14213